MARC details
| 000 -LEADER |
| fixed length control field |
01311cam a22003254a 4500 |
| 001 - CONTROL NUMBER |
| control field |
14184880 |
| 005 - DATE AND TIME OF LATEST TRANSACTION |
| control field |
20160930182556.0 |
| 008 - FIXED-LENGTH DATA ELEMENTS--GENERAL INFORMATION |
| fixed length control field |
051130s2006 enka 001 0 eng |
| 010 ## - LIBRARY OF CONGRESS CONTROL NUMBER |
| LC control number |
2005034994 |
| 020 ## - INTERNATIONAL STANDARD BOOK NUMBER |
| International Standard Book Number |
0-470-02757-6 (cloth : alk. paper) |
| 020 ## - INTERNATIONAL STANDARD BOOK NUMBER |
| International Standard Book Number |
978-0-470-02757-8 (cloth : alk. paper) |
| 040 ## - CATALOGING SOURCE |
| Original cataloging agency |
DLC |
| Transcribing agency |
DLC |
| Modifying agency |
DLC |
| 042 ## - AUTHENTICATION CODE |
| Authentication code |
pcc |
| 050 00 - LIBRARY OF CONGRESS CALL NUMBER |
| Classification number |
HG4751 |
| Item number |
.P43 2006 |
| 082 00 - DEWEY DECIMAL CLASSIFICATION NUMBER |
| Classification number |
DC 658.15 |
| Edition number |
2006 |
| Item number |
P31r |
| 100 1# - MAIN ENTRY--PERSONAL NAME |
| Personal name |
Pearce, Rupert. |
| 245 10 - TITLE STATEMENT |
| Title |
Raising venture capital / |
| Statement of responsibility, etc. |
Rupert Pearce and Simon Barnes. |
| 260 ## - PUBLICATION, DISTRIBUTION, ETC. (IMPRINT) |
| Place of publication, distribution, etc. |
Hoboken, NJ : |
| Name of publisher, distributor, etc. |
J. Wiley & Sons, |
| Date of publication, distribution, etc. |
c2006. |
| 300 ## - PHYSICAL DESCRIPTION |
| Extent |
xv, 242 pages : |
| Other physical details |
illustrations ; |
| Dimensions |
25 cm. |
| 490 0# - SERIES STATEMENT |
| Series statement |
Wiley finance series |
| 500 ## - GENERAL NOTE |
| General note |
Includes index. |
| 650 #0 - SUBJECT ADDED ENTRY--TOPICAL TERM |
| Topical term or geographic name as entry element |
Venture capital. |
| 700 1# - ADDED ENTRY--PERSONAL NAME |
| Personal name |
Barnes, Simon, |
| Dates associated with a name |
1969- |
| 856 41 - ELECTRONIC LOCATION AND ACCESS |
| Materials specified |
Table of contents only |
| Uniform Resource Identifier |
<a href="http://www.loc.gov/catdir/toc/ecip064/2005034994.html">http://www.loc.gov/catdir/toc/ecip064/2005034994.html</a> |
| 856 42 - ELECTRONIC LOCATION AND ACCESS |
| Materials specified |
Contributor biographical information |
| Uniform Resource Identifier |
<a href="http://www.loc.gov/catdir/enhancements/fy0741/2005034994-b.html">http://www.loc.gov/catdir/enhancements/fy0741/2005034994-b.html</a> |
| 856 42 - ELECTRONIC LOCATION AND ACCESS |
| Materials specified |
Publisher description |
| Uniform Resource Identifier |
<a href="http://www.loc.gov/catdir/enhancements/fy0741/2005034994-d.html">http://www.loc.gov/catdir/enhancements/fy0741/2005034994-d.html</a> |
| 906 ## - LOCAL DATA ELEMENT F, LDF (RLIN) |
| a |
7 |
| b |
cbc |
| c |
orignew |
| d |
1 |
| e |
ecip |
| f |
20 |
| g |
y-gencatlg |
| 942 ## - ADDED ENTRY ELEMENTS (KOHA) |
| Source of classification or shelving scheme |
Dewey Decimal Classification |
| Koha item type |
Circulation |